Normal view
MARC view
- U.A bakshi
Entry Personal Name
001 - CONTROL NUMBER
- control field: 124552
003 - CONTROL NUMBER IDENTIFIER
- control field: NUST
005 - DATE AND TIME OF LATEST TRANSACTION
- control field: 20240718113411.0
008 - FIXED-LENGTH DATA ELEMENTS
- fixed length control field: 240718|| aca||aabn | a|a d
040 ## - CATALOGING SOURCE
- Original cataloging agency: NUST
- Transcribing agency: NUST
100 ## - HEADING--PERSONAL NAME
- Personal name: U.A bakshi
670 ## - SOURCE DATA FOUND
- Source citation: Work cat.: (NUST): U.A bakshi, Antenna & Wave Propagation, 2012
